书目信息 |
| 题名: |
宋人别集叙录
|
|
| 作者: | 祝尚书 著 | |
| 分册: | 下 | |
| 出版信息: | 北京 中华书局 2020 |
|
| 页数: | 1159-1673页 | |
| 开本: | 21cm | |
| 丛书名: | ||
| 单 册: | ||
| 中图分类: | G256.22 , Z838 | |
| 科图分类: | ||
| 主题词: | 古籍--gu ji--图书目录--研究--中国--古代 | |
| 电子资源: | ||
| ISBN: | 978-7-101-13804-7 | |
| 000 | 01013nam0 2200253 450 | |
| 001 | 011029202413 | |
| 005 | 20211031100350.01 | |
| 010 | @a978-7-101-13804-7@b精装@dCNY96.00(全3册288.00) | |
| 100 | @a20200522d2020 em y0chiy0120 ea | |
| 101 | 0 | @achi |
| 102 | @aCN@b110000 | |
| 105 | @ay z 000yy | |
| 106 | @ar | |
| 200 | 1 | @a宋人别集叙录@Asong ren bie ji xu lu@h下@f祝尚書著 |
| 205 | @a增订版 | |
| 210 | @a北京@c中华书局@d2020 | |
| 215 | @a1159-1673页@d21cm | |
| 330 | @a本书考察五百余种宋人别集的版本源流,重点清理各集全秩之版本体系,尤其重视祖本及重要传本的研究,并尽量对各本优劣有所评骘。在前次出版的基础上,本次修订,吸收了学界有关宋人生平事迹考索的新成果,各别集选其常用版本,增述卷目编次情况,以明其结构内容,完善了《全宋诗》《全宋文》中有关底本及辑佚情况介绍,并增补了几种新见书叙录。 | |
| 606 | 0 | @a古籍@Agu ji@x图书目录@x研究@y中国@z古代 |
| 690 | @aG256.22@v5 | |
| 690 | @aZ838@v5 | |
| 701 | 0 | @a祝尚书@Azhu shang shu@4著 |
| 801 | 0 | @aCN@b百万庄@c20211029 |
| 905 | @b1312521-22@dG256.22@e109:3=2@f2 | |
| 宋人别集叙录.下/祝尚書著.-增订版.-北京:中华书局,2020 |
| 1159-1673页;21cm |
| ISBN 978-7-101-13804-7(精装):CNY96.00(全3册288.00) |
| 本书考察五百余种宋人别集的版本源流,重点清理各集全秩之版本体系,尤其重视祖本及重要传本的研究,并尽量对各本优劣有所评骘。在前次出版的基础上,本次修订,吸收了学界有关宋人生平事迹考索的新成果,各别集选其常用版本,增述卷目编次情况,以明其结构内容,完善了《全宋诗》《全宋文》中有关底本及辑佚情况介绍,并增补了几种新见书叙录。 |
| ● |
| 相关链接 |
|
|
|
|
正题名:宋人别集叙录
索取号:G256.22/109:3=2
 
预约/预借
| 序号 | 登录号 | 条形码 | 馆藏地/架位号 | 状态 | 备注 |
| 1 | 1312521 | 213125214 | 第一样本阅览室/ [索取号:G256.22/109:3=2] | 在馆 | |
| 2 | 1312522 | 213125223 | 第四借阅区/ [索取号:G256.22/109:3=2] | 在馆 |